Normal view MARC view

Entry Topical Term

Number of records used in: 1

001 - CONTROL NUMBER

  • control field: 60153

003 - CONTROL NUMBER IDENTIFIER

  • control field: OSt

005 - DATE AND TIME OF LATEST TRANSACTION

  • control field: 20260421154253.0

008 - FIXED-LENGTH DATA ELEMENTS

  • fixed length control field: 260421|| aca||aabn | a|a d

040 ## - CATALOGING SOURCE

  • Original cataloging agency: OSt
  • Transcribing agency: OSt

150 ## - HEADING--TOPICAL TERM

  • Topical term or geographic name entry element: Food and beverages inflation, Clustering analysis, Club convergence, Rural and urban India

670 ## - SOURCE DATA FOUND

  • Source citation: Work cat.: (OSt): Peer, Arshid Hussain Rizvi, Ilma and Baig, M. A. 60152, Spatial dynamics of food inflation in India: Insights from club convergence analysis

Powered by Koha